000
00280pab a2200109 454500
008
180718b xxu||||| |||| 00| 0 eng d
100
_a
Raipuria, Kalyan
245
_a
Financing Eighth Plan: a new approach
650
_a
Economic Development
773
_a
Economic Times
909
_a
21704
999
_c
21704
_d
21704